00598cam a2200217Ii 4500020002500000020002200025020003100047020002800078022001400106040001000120082002600130100001600156245005400172250002000226300002300246500001900269650003100288650002100319650002200340700001800362 a9781413319194 (pbk.) a141331919X (pbk.) a9781413319200 (epub ebook) a1413319203 (epub ebook)0 a2169-3862 cBTCTA04a658 NOL 2013 A114 Or.1 aDelPo, Amy,10aDealing with problem employees :ba legal guide / aSeventh edition a412 pages ;c23 cm aIncludes index 0aLabor laws and legislation 0aLabor discipline 0aProblem employees1 aGuerin, Lisa,